Dutch 2025 election results - Statistics

General Stats
  • This quiz has been taken 14 times
  • The average score is 12 of 15
Answer Stats
seats Answer % Correct
26 PVV
100%
18 CDA
91%
26 D66
91%
3 PvD
91%
3 SP
91%
22 VVD
91%
4 BBB
82%
3 CU
82%
20 GLPVDA
82%
9 JA21
82%
7 FVD
73%
3 SGP
73%
1 Volt
73%
2 50Plus
64%
3 DENK
64%
No matching quizzes found
Score Distribution
Percent of People with Each Score
Percentile by Number Answered
Your Score History
You have not taken this quiz